Spenserian Satire (Record no. 96749)
[ view plain ]
| 000 -LEADER | |
|---|---|
| fixed length control field | 01811nam a2200253Ii 4500 |
| 008 - FIXED-LENGTH DATA ELEMENTS--GENERAL INFORMATION | |
| fixed length control field | 221202s xx 000 0 und d |
| 100 1# - MAIN ENTRY--PERSONAL NAME | |
| Personal name | Hile, Rachel, |
| Relator term | author |
| 245 #0 - TITLE STATEMENT | |
| Title | Spenserian Satire |
| 246 ## - VARYING FORM OF TITLE | |
| Title proper/short title | A Tradition of Indirection |
| 264 #1 - PRODUCTION, PUBLICATION, DISTRIBUTION, MANUFACTURE, AND COPYRIGHT NOTICE | |
| Place of production, publication, distribution, manufacture | Manchester |
| Name of producer, publisher, distributor, manufacturer | Manchester University Press |
| Date of production, publication, distribution, manufacture, or copyright notice | 2017 |
| 300 ## - PHYSICAL DESCRIPTION | |
| Extent | 1 online resource |
| 336 ## - CONTENT TYPE | |
| Content type term | text |
| Content type code | txt |
| Source | rdacontent |
| 337 ## - MEDIA TYPE | |
| Media type term | computer |
| Media type code | c |
| Source | rdamedia |
| 338 ## - CARRIER TYPE | |
| Carrier type term | online resource |
| Carrier type code | cr |
| Source | rdacarrier |
| 490 ## - SERIES STATEMENT | |
| Series statement | The Manchester Spenser |
| 520 ## - SUMMARY, ETC. | |
| Summary, etc. | Scholars of Edmund Spenser have focused much more on his accomplishments in epic and pastoral than his work in satire. Scholars of early modern English satire almost never discuss Spenser. However, these critical gaps stem from later developments in the canon rather than any insignificance in Spenser's accomplishments and influence on satiric poetry. This book argues that the indirect form of satire developed by Spenser served during and after Spenser's lifetime as an important model for other poets who wished to convey satirical messages with some degree of safety. The book connects key Spenserian texts in The Shepheardes Calender and the Complaints volume with poems by a range of authors in the late sixteenth and early seventeenth centuries, including Joseph Hall, Thomas Nashe, Tailboys Dymoke, Thomas Middleton and George Wither, to advance the thesis that Spenser was seen by his contemporaries as highly relevant to satire in Elizabethan England. |
| 653 ## - INDEX TERM--UNCONTROLLED | |
| Uncontrolled term | European Literature |
| 653 ## - INDEX TERM--UNCONTROLLED | |
| Uncontrolled term | Literary Criticism |
| 653 ## - INDEX TERM--UNCONTROLLED | |
| Uncontrolled term | Literature |
| 653 ## - INDEX TERM--UNCONTROLLED | |
| Uncontrolled term | Literature |
| 653 ## - INDEX TERM--UNCONTROLLED | |
| Uncontrolled term | Renaissance |
| 856 ## - ELECTRONIC LOCATION AND ACCESS | |
| Uniform Resource Identifier | <a href="https://docs.google.com/spreadsheets/d/1yKIrdCPDAG_9c22mwoOIO2DOhtj65Wqa/edit?usp=sharing&ouid=106555315294820607512&rtpof=true&sd=true ">https://docs.google.com/spreadsheets/d/1yKIrdCPDAG_9c22mwoOIO2DOhtj65Wqa/edit?usp=sharing&ouid=106555315294820607512&rtpof=true&sd=true </a> |
| Link text | List of Curated E-Books |
| 942 ## - ADDED ENTRY ELEMENTS (KOHA) | |
| Koha item type | E-Book |
No items available.